LEADER 04182nam 22006855 450 001 9910588589803321 005 20241029125311.0 010 $a9789811939112$b(electronic bk.) 010 $z9789811939105 024 7 $a10.1007/978-981-19-3911-2 035 $a(MiAaPQ)EBC7076028 035 $a(Au-PeEL)EBL7076028 035 $a(CKB)24723837600041 035 $a(DE-He213)978-981-19-3911-2 035 $a(EXLCZ)9924723837600041 100 $a20220818d2022 u| 0 101 0 $aeng 135 $aurcnu|||||||| 181 $ctxt$2rdacontent 182 $cc$2rdamedia 183 $acr$2rdacarrier 200 14$aThe Formation of the Swiss Hospital System (1840-1960) $eAn Analysis of Surgeon-Modernisers in the Canton of Vaud /$fby Pierre-Yves Donzé 205 $a1st ed. 2022. 210 1$aSingapore :$cSpringer Nature Singapore :$cImprint: Palgrave Macmillan,$d2022. 215 $a1 online resource (231 pages) 311 08$aPrint version: Donzé, Pierre-Yves The Formation of the Swiss Hospital System (1840-1960) Singapore : Palgrave Macmillan US,c2022 9789811939105 327 $aChapter 1: Introduction -- Chapter 2: Surgeons of the Canton of Vaud in the 19th and 20th centuries -- Chapter 3: Management and Organisation at the Cantonal Hospital of Lausanne -- Chapter 4: The transformation of regional hospitals -- Chapter 5: Building a hospital policy -- Chapter 6: Conclusion. 330 $a"A very important contribution to a better knowledge and analysis of the history of hospitals in a broader context." -- Paloma Fernández Pérez, Professor of Economic and Business History, Department of Economic History of Universitat de Barcelona, Spain "In this brilliantly written book, Pierre-Yves Donzé engages in a fascinating research, which describes the beginnings of the modern hospital, through the case of the Vaud hospital system, and the crucial roles of doctors, surgeons, managers and politicians. Donzé profoundly renews our understanding of the origins of a health institution, which profoundly shapes contemporary societies." -- Vincent Barras, Professor in the History of Medicine at the Université de Lausanne, Switzerland This book offers an analysis of the formation of contemporary hospital systems between the mid-19th century and the mid-20th century. Based on extensive archival material and a broad international literature review, it focuses on the case of the canton of Vaud, Switzerland, and uses a triple approach that discusses technological innovations, hospital management, and health policy. This research is a major contribution to the history of medicine which gives a unique overview of the formation of contemporary hospital systems. Pierre-Yves Donzé is a professor in business history at the Graduate School of Economics, Osaka University, Japan, and a visiting professor at the University of Fribourg, Switzerland. He is a member of the councils of the European Business History Association (EBHA) since 2016 and the Business History Society of Japan since 2017, and a co-editor of the international journal Business History. 606 $aMedicine$xHistory 606 $aEurope$xHistory 606 $aTechnology 606 $aHistory 606 $aMedicine$xPractice 606 $aHospitals$xAdministration 606 $aMedical policy 606 $aHistory of Medicine 606 $aEuropean History 606 $aHistory of Technology 606 $aPractice and Hospital Management 606 $aHealth Policy 615 0$aMedicine$xHistory. 615 0$aEurope$xHistory. 615 0$aTechnology. 615 0$aHistory. 615 0$aMedicine$xPractice. 615 0$aHospitals$xAdministration. 615 0$aMedical policy. 615 14$aHistory of Medicine. 615 24$aEuropean History. 615 24$aHistory of Technology. 615 24$aPractice and Hospital Management. 615 24$aHealth Policy. 676 $a362 700 $aDonze?$b Pierre-Yves$01065601 801 0$bMiAaPQ 801 1$bMiAaPQ 801 2$bMiAaPQ 912 $a9910588589803321 996 $aThe Formation of the Swiss Hospital System (1840-1960)$94327267 997 $aUNINA